[Event "Open Duras BVK FIDE"]
[Site "Brno CZE"]
[Date "2009.07.01"]
[Round "6"]
[White "Sladek,Vl"]
[Black "Pokorny,P"]
[Result "0-1"]
[WhiteElo "2075"]
[BlackElo "2198"]
[EventDate "2009.06.26"]

1. e4 c5 2. d4 cxd4 3. c3 dxc3 4. Nxc3 e6 5. Nf3 a6 6. Bc4 Nc6 7. O-O Nge7
8. Bg5 Qa5 9. Qe2 Ng6 10. Nd5 Bd6 11. b4 Nxb4 12. Bd2 O-O 13. a3 exd5 14.
axb4 Qd8 15. Bxd5 Nf4 16. Qc4 Nxd5 17. Qxd5 Be7 18. Rfd1 Qb6 19. Bc3 d6 20.
Rd2 Be6 21. Qh5 Qb5 22. e5 dxe5 23. Nxe5 Rac8 24. Ra5 Qb6 25. Qf3 Bxb4 26.
Bxb4 Qxb4 0-1

[Event "Open Duras BVK FIDE"]
[Site "Brno CZE"]
[Date "2009.07.01"]
[Round "6"]
[White "Majer,J"]
[Black "Mudra,T"]
[Result "1/2-1/2"]
[WhiteElo "2285"]
[BlackElo "2150"]
[EventDate "2009.06.26"]

1. d4 Nf6 2. Nf3 g6 3. Bf4 Bg7 4. e3 O-O 5. Be2 d6 6. h3 Nbd7 7. O-O c6 8.
c4 Qa5 9. Qd2 Qb6 10. Nc3 a5 11. a3 Rb8 12. c5 1/2-1/2

[Event "Open Duras BVK FIDE"]
[Site "Brno CZE"]
[Date "2009.07.01"]
[Round "6"]
[White "Zavadil,M"]
[Black "Kredl,K"]
[Result "1/2-1/2"]
[WhiteElo "2039"]
[BlackElo "2103"]
[EventDate "2009.06.26"]

1. d4 Nf6 2. c4 e6 3. Nc3 Bb4 4. e3 Nc6 5. Bd3 e5 6. d5 Bxc3+ 7. bxc3 Ne7
8. Qc2 d6 9. Ne2 O-O 10. O-O b6 11. f4 exf4 12. exf4 Ng6 13. Nd4 Bd7 14.
Bxg6 fxg6 15. Bd2 Qe8 16. Rac1 Qf7 17. Ne6 Bxe6 18. dxe6 Qe7 19. f5 gxf5
20. Qxf5 Rae8 21. Bg5 d5 22. cxd5 Qc5+ 23. Kh1 Qxd5 24. Qxd5 Nxd5 25. c4
Rxf1+ 26. Rxf1 Ne7 27. Kg1 h6 28. Bf4 Ng6 1/2-1/2

[Event "Open Duras BVK FIDE"]
[Site "Brno CZE"]
[Date "2009.07.01"]
[Round "6"]
[White "Mlensky,D"]
[Black "Kubicek,P"]
[Result "1-0"]
[WhiteElo "2093"]
[BlackElo "1982"]
[EventDate "2009.06.26"]

1. e4 e6 2. d4 d5 3. Nc3 Nf6 4. Bg5 Be7 5. e5 Nfd7 6. h4 f6 7. exf6 Nxf6 8.
Bd3 O-O 9. f4 c5 10. dxc5 Nc6 11. Nf3 Bxc5 12. Ne5 d4 13. Bxf6 Qxf6 14. Qh5
Nxe5 15. Bxh7+ 1-0

[Event "Open Duras BVK FIDE"]
[Site "Brno CZE"]
[Date "2009.07.01"]
[Round "6"]
[White "Vesely,Ja"]
[Black "Hruska,V"]
[Result "1/2-1/2"]
[WhiteElo "2046"]
[BlackElo "1985"]
[EventDate "2009.06.26"]

1. d4 Nf6 2. c4 e6 3. Nc3 Bb4 4. Bd2 b6 5. e3 Bb7 6. Nf3 O-O 7. Bd3 Bxc3 8.
Bxc3 Ne4 9. Bb4 d6 10. O-O c5 11. Be1 f5 12. Nd2 Nxd2 13. Qxd2 Nd7 14. f3
Qe7 15. Rd1 Rad8 16. Bg3 e5 17. d5 Rf7 18. Qf2 Rdf8 19. Bh4 g5 20. Qg3 Rg7
21. Qh3 gxh4 22. Bxf5 Kh8 23. Bxd7 Qxd7 24. Qxh4 Qe7 25. Qxe7 Rxe7 26. e4
Bc8 27. a4 a5 28. b3 Rg7 29. Kf2 Rfg8 30. Rg1 h5 31. Rc1 Kh7 32. Rcd1 Kh6
33. Rc1 h4 34. Rcd1 Kh5 35. Rc1 Kg5 36. Ke3 Kh5 37. Kf2 Rf7 38. Ke3 Rgf8
39. Rcf1 Kh6 40. Rf2 Kg5 1/2-1/2

[Event "Open Duras BVK FIDE"]
[Site "Brno CZE"]
[Date "2009.07.01"]
[Round "6"]
[White "Balazec,L"]
[Black "Krupica,P"]
[Result "0-1"]
[WhiteElo "2032"]
[BlackElo "1955"]
[EventDate "2009.06.26"]

1. e4 c5 2. Nc3 d6 3. Nge2 Nf6 4. d4 cxd4 5. Nxd4 Nc6 6. Bg5 e6 7. Bb5 Bd7
8. Bxc6 Bxc6 9. Nxc6 bxc6 10. Qf3 e5 11. Bxf6 Qxf6 12. Qxf6 gxf6 13. O-O-O
Bh6+ 14. Kb1 Ke7 15. Rd3 Rad8 16. Ne2 Rhg8 17. Ng3 Bf8 18. Rhd1 Ke6 19. c4
h5 20. Rg1 Rh8 21. Nf5 d5 22. cxd5+ cxd5 23. Rc1 d4 24. Rc7 Rd7 25. Rc8 Rb7
26. Rc6+ Kd7 27. Rxf6 Ke8 28. f4 Rg8 29. g3 exf4 30. Rxd4 fxg3 31. hxg3 Bg7
32. Nd6+ Kf8 33. Nxb7 Bxf6 34. Rd3 Rg4 35. Nd6 Be5 36. Nf5 Ke8 37. Re3 Rg6
38. Rb3 Rg4 39. Re3 Rg6 40. b3 Kd7 41. Rd3+ Kc7 42. Rd5 f6 43. Rd3 Rg4 44.
Re3 Rg6 45. Kc2 Kb6 46. a4 a5 47. Rf3 Rg4 48. Kd3 Kc5 49. Re3 Kb4 50. Kc2
Ka3 51. Kc1 h4 52. Nxh4 Bxg3 53. Ng2 Bf2 54. Rf3 Rxg2 55. Rf5 Be1 56. Rxf6
Kxb3 57. Kd1 Bc3 58. Rf3 Rd2+ 59. Kc1 Re2 0-1

[Event "Open Duras BVK FIDE"]
[Site "Brno CZE"]
[Date "2009.07.01"]
[Round "6"]
[White "Nemec,M"]
[Black "Zabensky,J"]
[Result "1-0"]
[WhiteElo "1913"]
[BlackElo "1999"]
[EventDate "2009.06.26"]

1. Nf3 c5 2. g3 Nf6 3. Bg2 g6 4. O-O Bg7 5. c3 O-O 6. d4 Qc7 7. Nbd2 d6 8.
dxc5 dxc5 9. Re1 Rd8 10. Qc2 Nc6 11. Nb3 b6 12. Bf4 e5 13. Nxe5 Nd5 14.
Nxc6 Nxf4 15. gxf4 Re8 16. e3 Bb7 17. Ne5 Bxg2 18. Kxg2 Bxe5 19. fxe5 Rxe5
20. f4 Rh5 21. Qe4 Rf8 22. Rad1 Qc8 23. Qf3 Qa6 24. Rd2 Qxa2 25. Nc1 Qe6
26. Ne2 Re8 27. Ng1 a5 28. Nh3 h6 29. Nf2 a4 30. e4 Kh7 31. Red1 Qb3 32.
Ng4 Kg7 33. Qd3 Qe6 34. Nf2 Qf6 35. Qg3 Rh4 36. Rd6 Re6 37. Rxe6 fxe6 38.
Rd7+ Kg8 39. f5 e5 40. Qxg6+ Qxg6+ 41. fxg6 Rh5 42. Nh3 Rh4 43. Nf2 Rh5 44.
Rd6 b5 45. Rb6 b4 46. cxb4 cxb4 47. Rxb4 Rg5+ 48. Kf3 Rxg6 49. Rxa4 Rf6+
50. Ke3 Kg7 51. b4 h5 52. Ra5 Rf4 53. Rxe5 1-0

[Event "Open Duras BVK FIDE"]
[Site "Brno CZE"]
[Date "2009.07.01"]
[Round "6"]
[White "Kalod,M"]
[Black "Stanek,S"]
[Result "0-1"]
[WhiteElo "1879"]
[BlackElo "2075"]
[EventDate "2009.06.26"]

1. e4 e5 2. Nc3 Bc5 3. f4 d6 4. Nf3 Bg4 5. Na4 Bb6 6. Nxb6 axb6 7. fxe5
dxe5 8. Bc4 Nc6 9. c3 Qe7 10. d3 Be6 11. Bxe6 Qxe6 12. Ng5 Qd7 13. O-O f6
14. Qh5+ g6 15. Qf3 O-O-O 16. Nh3 Qxd3 17. Be3 Nge7 18. Rad1 Qc2 19. Rc1
Qd3 20. Rfd1 Qc4 21. Qxf6 Qxe4 22. Qe6+ Kb8 23. Re1 Qd5 24. Qg4 Nf5 25. Bg5
Rd6 26. Kh1 h6 27. Bh4 Nxh4 28. Qxh4 Rhd8 29. Nf2 g5 30. Qg4 Qe6 31. Qg3
Rd2 32. Rb1 Qf5 33. Kg1 Re2 34. Rbd1 Rxd1 35. Nxd1 Qc2 36. Kf1 Rd2 37. a3
Rxd1 38. Qe3 Qd3+ 39. Qxd3 Rxd3 40. Ke2 e4 41. Rf1 Rd6 0-1

[Event "Open Duras BVK FIDE"]
[Site "Brno CZE"]
[Date "2009.07.01"]
[Round "6"]
[White "Markovic,Iv CZE"]
[Black "Balkova,A"]
[Result "1-0"]
[WhiteElo "2194"]
[BlackElo "1866"]
[EventDate "2009.06.26"]

1. e4 c5 2. Nf3 Nc6 3. d4 cxd4 4. Nxd4 Nf6 5. Nc3 e5 6. Ndb5 d6 7. Bg5 a6
8. Na3 b5 9. Bxf6 gxf6 10. Nd5 Bg7 11. Bd3 Be6 12. c3 O-O 13. Qf3 Rb8 14.
Nc2 Na5 15. Ncb4 Ra8 16. O-O Kh8 17. Rad1 Nc4 18. Qe2 a5 19. Nc6 Qd7 20.
Nce7 Bxd5 21. Nxd5 Qc6 22. b3 Nb6 23. Bxb5 Qb7 24. Ne3 Rad8 25. f3 d5 26.
Nf5 Nc8 27. exd5 Rxd5 28. Bd3 Rdd8 29. f4 Rg8 30. Be4 Qb6+ 31. Kh1 Nd6 32.
Nxd6 Rxd6 33. Rxd6 Qxd6 34. Qh5 1-0

[Event "Open Duras BVK FIDE"]
[Site "Brno CZE"]
[Date "2009.07.01"]
[Round "6"]
[White "Martisek,K"]
[Black "Mouryc,T"]
[Result "1/2-1/2"]
[WhiteElo "1888"]
[BlackElo "1992"]
[EventDate "2009.06.26"]

1. e4 d5 2. exd5 Qxd5 3. Nf3 Nf6 4. Be2 Bf5 5. d4 e6 6. O-O Be7 7. c4 Qd8
8. Nc3 O-O 9. h3 c6 10. Be3 h6 11. Bd3 Bxd3 12. Qxd3 Nbd7 13. Rfd1 Qc7 14.
Qd2 Rfd8 15. Qc2 a6 16. Rac1 Rac8 17. Qb3 Qb8 18. d5 exd5 19. cxd5 cxd5 20.
Nxd5 Nxd5 21. Rxc8 Qxc8 22. Rxd5 b5 23. Nh2 Bc5 1/2-1/2

[Event "Open Duras BVK FIDE"]
[Site "Brno CZE"]
[Date "2009.07.01"]
[Round "6"]
[White "Turza,P"]
[Black "Meszaros,Lu"]
[Result "0-1"]
[WhiteElo "1837"]
[BlackElo "2218"]
[EventDate "2009.06.26"]

1. Nf3 Nf6 2. d3 g6 3. e4 d6 4. Nbd2 Bg7 5. Be2 O-O 6. c3 c5 7. Qc2 Nc6 8.
Nf1 e5 9. Ng3 h6 10. Bd2 Be6 11. O-O d5 12. h3 b5 13. Nh2 d4 14. Bg4 Nxg4
15. hxg4 Qh4 16. Qd1 Rad8 17. Qf3 Rd7 18. Rfd1 Rfd8 19. Be1 c4 20. dxc4
bxc4 21. Ngf1 Kh7 22. Rab1 Qe7 23. Ng3 Rd6 24. Nhf1 f6 25. Qe2 d3 26. Qf3
Qd7 27. Rd2 Bxg4 28. Qe3 h5 29. f3 Bh6 30. Qf2 Be6 31. Ne3 a5 32. Ngf1 Ne7
33. g3 Qa4 34. a3 Qc6 35. Qh2 f5 36. exf5 Nxf5 37. Nxf5 Bxf5 38. g4 Bc8 39.
Qxe5 Re8 40. Qg3 hxg4 41. Rh2 g5 42. Nd2 Rde6 43. Bf2 Rf8 44. Ne4 Rg6 45.
Qe5 gxf3 46. Qe7+ Kg8 47. Rxh6 Rxh6 48. Bc5 Re8 0-1

[Event "Open Duras BVK FIDE"]
[Site "Brno CZE"]
[Date "2009.07.01"]
[Round "6"]
[White "Strnad,O"]
[Black "Schuster,P"]
[Result "1/2-1/2"]
[WhiteElo "1761"]
[BlackElo "1918"]
[EventDate "2009.06.26"]

1. d4 d5 2. c4 e6 3. Nc3 Nf6 4. Bg5 Be7 5. Nf3 O-O 6. e3 h6 7. Bh4 Ne4 8.
Bxe7 Qxe7 9. Qc2 Nxc3 10. Qxc3 dxc4 11. Bxc4 b6 12. d5 exd5 13. Bxd5 c6 14.
Bb3 Bb7 15. O-O Nd7 16. Rfd1 Nc5 17. Bc2 Rad8 18. h3 Rfe8 19. Nd4 Qf6 20.
Rac1 Ne4 21. Bxe4 Rxe4 22. Qc2 c5 23. Nf3 Ree8 24. Ne1 g6 25. b3 Kg7 26.
Rd2 Be4 27. Qb2 Rxd2 28. Qxd2 Rd8 29. Qc3 Qxc3 30. Rxc3 Rd1 31. Kf1 Bxg2+
32. Ke2 Rxe1+ 33. Kxe1 Bxh3 34. Rd3 Be6 35. f4 Kf6 36. Rd8 Kf5 37. Ra8 b5
38. a4 b4 39. Rxa7 Bxb3 40. Kd2 c4 41. a5 h5 42. a6 h4 43. Rxf7+ Kg4 44.
Rb7 Ba4 45. Rxb4 Bb3 46. Rb6 Kf5 47. Rb5+ Kg4 48. Rb6 1/2-1/2

[Event "Open Duras BVK FIDE"]
[Site "Brno CZE"]
[Date "2009.07.01"]
[Round "6"]
[White "Docekal,A"]
[Black "Kosina,V"]
[Result "1/2-1/2"]
[WhiteElo "1714"]
[BlackElo "1905"]
[EventDate "2009.06.26"]

1. e4 c5 2. Nc3 Nc6 3. f4 a6 4. Nf3 d6 5. g3 g6 6. Bg2 Bg7 7. O-O Nh6 8.
Ne2 O-O 9. c3 Rb8 10. d4 cxd4 11. Nexd4 Qb6 12. Kh1 Ng4 13. Nxc6 bxc6 14.
Qe2 a5 15. h3 Nf6 16. e5 Nh5 17. Kh2 Ba6 18. c4 d5 19. b3 Bh8 20. Be3 Qc7
21. Rfc1 1/2-1/2

[Event "Open Duras BVK FIDE"]
[Site "Brno CZE"]
[Date "2009.07.01"]
[Round "6"]
[White "Rezny,F"]
[Black "Cihal,J"]
[Result "0-1"]
[WhiteElo "1665"]
[BlackElo "1881"]
[EventDate "2009.06.26"]

1. e4 e5 2. f4 d5 3. exd5 e4 4. Nc3 Nf6 5. d3 Bb4 6. Bd2 Bg4 7. Be2 Bxe2 8.
Qxe2 O-O 9. O-O-O exd3 10. Qxd3 Nbd7 11. Qb5 a5 12. Qxb7 Rb8 13. Qc6 Nc5
14. Na4 Bxd2+ 15. Rxd2 Nce4 16. Re2 Qd6 17. Qxd6 cxd6 18. Nf3 Rb5 19. Rd1
Re8 20. Ng5 Rb4 21. Nxe4 Nxe4 22. Nc3 Nf6 23. g3 Kf8 24. Rde1 Rc4 25. Nb5
Rd8 26. Rd1 Rc5 27. Nc3 Re8 28. Rxe8+ Kxe8 29. h3 h5 30. Rd3 Rc4 31. b3 Rc5
32. Kb2 Kd7 33. a4 Rc8 34. Nb5 Re8 35. c4 Re2+ 36. Kc3 Ne4+ 37. Kd4 Nc5 38.
Re3 Rxe3 39. Kxe3 Nxb3 40. Nd4 Nc5 41. Nc6 Nxa4 42. Nxa5 Nc5 43. Nc6 f5 44.
Nd4 g6 45. Nf3 Ke7 46. Kd4 Kf6 47. Kc3 Ne4+ 48. Kd4 Nc5 49. Ng5 Nb3+ 50.
Kc3 Nc5 51. Kb4 Ke7 52. Kb5 Kd7 53. Nh7 Ke7 54. Kc6 Ne4 55. Ng5 Nxg5 56.
fxg5 h4 57. gxh4 f4 58. Kc7 f3 59. c5 dxc5 60. d6+ Kf7 61. d7 f2 62. d8=Q
f1=Q 63. Qd5+ Ke8 64. Qxc5 Qxh3 65. Qc6+ Ke7 66. Qf6+ Ke8 67. Qxg6+ Ke7 68.
Qh7+ Ke8 69. Qd7+ Qxd7+ 0-1

[Event "Open Duras BVK FIDE"]
[Site "Brno CZE"]
[Date "2009.07.01"]
[Round "6"]
[White "Vitula,J"]
[Black "Kukla,T"]
[Result "1/2-1/2"]
[WhiteElo "1864"]
[BlackElo "1851"]
[EventDate "2009.06.26"]

1. d4 d5 2. Nf3 Nf6 3. Bf4 c6 4. e3 e6 5. c3 Bd6 6. Bg3 Qc7 7. Nbd2 Nbd7 8.
Bd3 e5 9. e4 dxe4 10. Nxe4 Nxe4 11. Bxe4 O-O 12. O-O exd4 13. Qxd4 Bxg3 14.
fxg3 Nf6 15. Bc2 Qb6 16. Qxb6 axb6 17. Bb3 Ra5 18. Rae1 Nd5 19. Rf2 h6 20.
Ne5 Be6 21. Nc4 Raa8 22. Ne5 Rad8 23. Nf3 Nc7 24. Nd4 Bxb3 25. Nxb3 1/2-1/2

[Event "Open Duras BVK FIDE"]
[Site "Brno CZE"]
[Date "2009.07.01"]
[Round "6"]
[White "Zikan,K"]
[Black "Feranec,M"]
[Result "1/2-1/2"]
[WhiteElo "1816"]
[BlackElo "1834"]
[EventDate "2009.06.26"]

1. c4 e6 2. Nc3 f5 3. g3 c6 4. Bg2 Nf6 5. d4 Be7 6. Nf3 d5 7. cxd5 exd5 8.
Bg5 O-O 9. Ne5 Nbd7 10. Nxd7 Bxd7 11. e3 h6 12. Bxf6 Bxf6 13. O-O Re8 14.
Qc2 a5 15. Rac1 Rb8 16. b3 Kh8 17. Na4 b6 18. Nb2 Qe7 19. Nd3 Qf7 20. Qd2
Kh7 21. f4 Re7 22. Ne5 Qe6 23. Qc2 Rc8 24. Bh3 g6 25. g4 Bxe5 26. gxf5 gxf5
27. fxe5 Qg6+ 28. Kh1 Rf8 29. Rg1 Qh5 30. Rg3 Kh8 31. Qg2 Qh4 32. Rf1 Be6
33. Rf4 Qh5 34. Bg4 Qe8 35. Be2 Rg8 36. Bd3 Rxg3 37. Qxg3 Rg7 38. Qf2 Qh5
39. Qf1 Rg5 40. Be2 Qg6 41. Rf2 c5 42. Bd3 c4 43. Bc2 b5 44. Rg2 Rxg2 45.
Qxg2 Qxg2+ 46. Kxg2 Kg7 47. Kf3 Kg6 48. Kf4 Kh5 49. Bxf5 Bxf5 50. Kxf5 c3
51. e6 c2 52. e7 c1=Q 53. e8=Q+ Kh4 54. Qd8+ Kh3 55. Qxd5 Qxe3 56. Qe5 Qg5+
57. Ke6 Qg8+ 58. Kd6 Qf8+ 59. Kc6 Kg2 60. Kxb5 Qb4+ 61. Ka6 Qf8 62. d5 Qc8+
63. Kxa5 Qa8+ 64. Kb4 Qxa2 65. Qg3+ Kh1 66. Qf4 Qa6 67. d6 Qb7+ 68. Kc4
Qc6+ 69. Kd3 Qd5+ 70. Ke2 Qb5+ 71. Kf2 Qc5+ 72. Qe3 Qc2+ 73. Qe2 Qc5+ 74.
Qe3 Qc2+ 75. Ke1 Qb1+ 76. Ke2 Qc2+ 77. Kf3 Qg2+ 78. Kf4 Qg5+ 79. Ke4 Qg6+
80. Ke5 Qe8+ 81. Kd4 Qh8+ 82. Kd3 Qb8 83. Qe4+ Kxh2 84. Qe5+ Kg1 85. Qd4+
Kf1 86. Qd5 Kf2 87. Qf5+ Ke1 88. Qe6+ Kf1 89. Qf5+ 1/2-1/2

[Event "Open Duras BVK FIDE"]
[Site "Brno CZE"]
[Date "2009.07.01"]
[Round "6"]
[White "Milfort,V"]
[Black "Glacner,K"]
[Result "1-0"]
[WhiteElo "1731"]
[BlackElo "1834"]
[EventDate "2009.06.26"]

1. d4 c6 2. c4 Nf6 3. Nc3 e6 4. e4 Bb4 5. Bd3 d6 6. Qc2 e5 7. Nf3 Nbd7 8.
O-O exd4 9. Nxd4 Ne5 10. Bd2 Nfg4 11. h3 Bxc3 12. Qxc3 h5 13. f4 Nxd3 14.
Qxd3 Nh6 15. f5 Qf6 16. Bc3 Qd8 17. Qg3 Rf8 18. Bd2 Kd7 19. Bf4 c5 20. Nb5
g5 21. Bxd6 Kc6 22. Rad1 h4 23. Qd3 Be6 24. fxe6 fxe6 25. Nc7 Rc8 26. Nxe6
Qd7 27. Qf3 Qxe6 28. e5+ Kd7 29. Qxb7+ Ke8 30. Qd5 1-0

II Magistral Ciudad de Asuncion
-------------------------------

[Event "II Magistral"]
[Site "Asuncion PAR"]
[Date "2009.07.01"]
[Round "4"]
[White "Vera Gonzalez Quevedo,R"]
[Black "Bachmann,Ax"]
[Result "1/2-1/2"]
[WhiteElo "2479"]
[BlackElo "2555"]
[EventDate "2009.06.28"]

1. d4 Nf6 2. c4 g6 3. Nc3 Bg7 4. e4 d6 5. Nf3 O-O 6. Be2 e5 7. O-O Nc6 8.
d5 Ne7 9. Ne1 Nd7 10. Be3 f5 11. f3 f4 12. Bf2 g5 13. Rc1 Ng6 14. c5 Nxc5
15. b4 Na6 16. Nd3 Rf7 17. Nb5 Bd7 18. a4 Bf8 19. Nxa7 h5 20. Nc6 Qf6 21.
Na5 Nxb4 22. Nxb4 Rxa5 23. Rxc7 Bxa4 24. Qc1 Bb5 25. Rxf7 Qxf7 26. Bxb5
Rxb5 27. Qc4 Qd7 28. Ra1 g4 29. Nc6 Rb2 30. Qc3 Re2 31. Qc4 gxf3 32. gxf3
Rxf2 33. Kxf2 Qh3 34. Rg1 Kh7 35. Na5 Kh6 36. Nxb7 Be7 37. Rxg6+ Kxg6 38.
Kg1 Kf6 39. Qd3 Qc8 40. Qb5 Qc2 41. Qd7 Qd1+ 42. Kg2 Qe2+ 43. Kg1 Qe1+ 44.
Kg2 Qe2+ 1/2-1/2

[Event "II Magistral Copa Roggio B"]
[Site "Asuncion PAR"]
[Date "2009.07.05"]
[Round "7"]
[White "Malbran,G"]
[Black "Gattass,A"]
[Result "0-1"]
[WhiteElo "2246"]
[BlackElo "2221"]
[EventDate "2009.06.28"]

1. e4 e6 2. d4 d5 3. e5 c5 4. c3 Nc6 5. Nf3 Qb6 6. Be2 Nh6 7. Bxh6 Qxb2 8.
Bxg7 Bxg7 9. Qd2 Qxd2+ 10. Nbxd2 c4 11. a4 Rb8 12. O-O a6 13. Rfb1 b5 14.
axb5 axb5 15. Ra2 Bd7 16. Ne1 b4 17. Ndf3 b3 18. Ra6 Ke7 19. Bd1 Ra8 20.
Rba1 Rxa6 21. Rxa6 Rb8 22. Ra1 f6 23. exf6+ Bxf6 24. Kf1 Be8 25. Nd2 Bg6
26. Ke2 b2 27. Ra6 Kd7 28. Ba4 Rc8 29. Rb6 e5 30. Rxb2 exd4 31. cxd4 Bxd4
32. Rb7+ Kd6 33. Ndf3 Bf6 34. Rb6 d4 35. Kd2 d3 36. Rxc6+ Rxc6 37. Bxc6
Kxc6 38. Ke3 Kc5 39. g4 Bb2 40. Nd2 0-1

"King's Gambit" in Lipetsk
--------------------------

[Event "King's Gambit A"]
[Site "Lipetsk RUS"]
[Date "2009.06.28"]
[Round "6"]
[White "Ajrapetian,G"]
[Black "Vysochin,S"]
[Result "1/2-1/2"]
[WhiteElo "2366"]
[BlackElo "2543"]
[EventDate "2009.06.23"]

1. e4 e6 2. d3 d5 3. Qe2 dxe4 4. dxe4 e5 5. Nf3 c6 6. c3 Qc7 7. Qc2 Nf6 8.
Be2 a5 9. a4 Bc5 10. Nbd2 Ng4 11. Rf1 O-O 12. h3 Nf6 13. Bd3 Nbd7 14. Ke2
Nh5 15. Nb3 Ba7 16. Re1 Ndf6 17. Kf1 Rd8 18. Be3 Bxe3 19. fxe3 Qb6 20. Nbd2
Nd7 21. Bc4 Nc5 22. Nxe5 Be6 23. Bxe6 Nxe6 24. Nef3 Rd7 25. Rad1 Nc5 26.
Nd4 Re8 27. Kg1 Qa6 28. N2f3 Nxe4 29. Nf5 Rxd1 30. Rxd1 Nhf6 31. Kh2 Qb6
32. N5d4 Nd5 33. Re1 g6 34. Kg1 Qc7 35. Qb3 Nc5 36. Qc4 Qb6 37. Ng5 h6 38.
Ngf3 Nxe3 39. Qe2 Nxa4 40. Qd2 c5 41. Nc2 Qxb2 42. Rxe3 Rxe3 43. Qd8+ Kg7
44. Nxe3 Nxc3 45. Qe7 Ne2+ 46. Kh2 Qf6 47. Qxc5 b6 48. Qc4 Qf4+ 49. Qxf4
Nxf4 50. Nc4 Nd5 51. Nd4 f5 52. Kg3 Kf6 53. Kf3 a4 54. g3 Ke7 55. Nb5 g5
56. g4 fxg4+ 57. hxg4 Nf6 58. Nxb6 h5 59. gxh5 Nxh5 60. Nxa4 1/2-1/2

[Event "King's Gambit A"]
[Site "Lipetsk RUS"]
[Date "2009.06.28"]
[Round "6"]
[White "Gavrilov,Al1"]
[Black "Airapetian,G"]
[Result "1-0"]
[WhiteElo "2470"]
[BlackElo "2369"]
[EventDate "2009.06.23"]

1. e4 e6 2. d4 d5 3. Nc3 Nf6 4. Bg5 dxe4 5. Nxe4 Be7 6. Bxf6 gxf6 7. Nf3 f5
8. Nc3 a6 9. Qd2 b5 10. O-O-O Bb7 11. d5 Qd6 12. Qe3 Nd7 13. Nd4 Qe5 14.
dxe6 Qxe3+ 15. fxe3 Nf6 16. exf7+ Kxf7 17. Nxf5 Bc5 18. Bd3 Rhe8 19. e4 Kg8
20. Rde1 Rad8 21. Rhf1 Ng4 22. Be2 Ne3 23. Bxb5 Nxf1 24. Bxe8 Rxe8 25. Rxf1
Bxe4 26. Re1 Bc6 27. Rxe8+ Bxe8 28. Ne4 Bb4 29. Nf6+ Kf7 30. Nxe8 1-0

[Event "King's Gambit A"]
[Site "Lipetsk RUS"]
[Date "2009.06.28"]
[Round "6"]
[White "Kasparov,S"]
[Black "Derbenev,A"]
[Result "1-0"]
[WhiteElo "2476"]
[BlackElo "2408"]
[EventDate "2009.06.23"]

1. e4 e6 2. d4 d5 3. Nd2 b6 4. Ngf3 Nf6 5. Bd3 Be7 6. Qe2 dxe4 7. Nxe4 Bb7
8. O-O Bxe4 9. Bxe4 Nxe4 10. Qxe4 Qd5 11. Qe2 O-O 12. c4 Qd7 13. Bf4 Nc6
14. Rad1 Rad8 15. d5 exd5 16. Rxd5 Qe6 17. Qxe6 fxe6 18. Rxd8 Bxd8 19. Bg3
Bf6 20. b3 Nb4 21. a3 Nc2 22. Rd1 c5 23. a4 Na1 24. Rd3 Rd8 25. Rxd8+ Bxd8
26. Nd2 Bf6 27. Bb8 Bc3 28. Ne4 Ba5 29. Bxa7 Nxb3 30. Kf1 Kf8 31. Bb8 Nd4
32. Bc7 Nc6 33. f4 Ke7 34. Ke2 g6 35. g4 h5 36. h3 hxg4 37. hxg4 Kd7 38.
Be5 Bb4 39. Bb2 Na5 40. Kd3 Be1 41. Ng5 Bg3 42. Bc1 Nc6 43. Nf3 Ke7 44. Ke4
Kd6 45. Bb2 Bf2 46. Be5+ Kd7 47. Bc3 Bg3 48. Bf6 Bf2 49. Bg7 Ke7 50. Be5
Kd7 51. Bf6 Ke8 52. Ng5 Bd4 53. Bxd4 Nxd4 54. Nf3 Nc6 55. Ne5 Ne7 56. Kf3
Kd8 57. Kg3 Nc8 58. Nxg6 Nd6 59. Ne5 Ne4+ 60. Kh4 Nc3 61. g5 Ke7 62. g6 Kf6
63. Nd7+ Kxg6 64. Nxb6 Na2 65. Kg4 Nb4 66. a5 Na6 67. Nd7 Kf7 68. Kg5 Ke7
69. Ne5 Nb4 70. Kg6 Na6 71. Kg7 Nc7 72. Ng6+ Kd6 73. Kf7 Na6 74. Ke8 Nb4
75. Ne5 Na6 76. Kd8 Nb4 77. Kc8 Ke7 78. Kb7 1-0

[Event "King's Gambit A"]
[Site "Lipetsk RUS"]
[Date "2009.06.28"]
[Round "6"]
[White "Ivanov,Ol UKR"]
[Black "Slugin,S"]
[Result "1/2-1/2"]
[WhiteElo "2461"]
[BlackElo "2439"]
[EventDate "2009.06.23"]

1. e4 c6 2. d4 d5 3. Nc3 dxe4 4. Nxe4 Bf5 5. Ng3 Bg6 6. h4 h6 7. Nf3 e6 8.
h5 Bh7 9. Bd3 Bxd3 10. Qxd3 Nf6 11. Bd2 c5 12. Ne4 Nc6 13. Bc3 cxd4 14.
Nxd4 Nxd4 15. Nxf6+ gxf6 16. Qxd4 Qxd4 17. Bxd4 e5 18. Be3 Rc8 19. O-O-O
Bc5 20. Bxc5 Rxc5 21. Rd6 Ke7 22. Rhd1 Rc7 23. g4 Rg8 24. f3 e4 25. R6d4 f5
26. gxf5 exf3 27. Rd6 f6 28. R6d3 Rg2 29. c3 f2 30. R3d2 Rh2 31. Rf1 Rc5
32. Rdxf2 Rxh5 33. Kc2 Rg5 34. b4 Re5 35. a4 h5 36. Rf4 Rg4 37. Rxg4 hxg4
38. Kd3 g3 39. Rg1 Rxf5 40. Rxg3 Rg5 41. Rh3 Rg7 42. Kd4 Rg4+ 43. Kd5 Rg5+
44. Ke4 Re5+ 45. Kd4 Kd6 46. Rh6 Rd5+ 47. Ke4 Re5+ 48. Kd4 Rd5+ 49. Kc4 Rf5
50. Rh7 Rf4+ 51. Kb5 Rf5+ 52. Kc4 Rf4+ 53. Kb3 Kc6 54. a5 a6 55. Re7 Rf1
56. Kc4 Rd1 57. Rf7 Rf1 58. Kb3 Rb1+ 59. Ka4 Ra1+ 60. Kb3 Rb1+ 61. Kc2 Rf1
62. Kd3 Rf3+ 63. Kd4 Rf4+ 64. Ke3 Rf1 65. Ke4 Rf2 66. Ke3 Rf1 67. Ke2 Rf5
68. Kd3 Rf3+ 69. Kc4 Rf4+ 70. Kb3 Rf1 71. c4 Rf3+ 72. Ka4 Rf4 73. Kb3 Rf3+
74. Kc2 Rf2+ 75. Kd3 Rf3+ 76. Kd4 Rf4+ 77. Kd3 Rf3+ 78. Ke4 Rf1 79. Rf8 Kd6
80. Ke3 Kc6 81. Kd4 Rf4+ 82. Kc3 Rf3+ 83. Kb2 Rf1 84. Rh8 Rf3 85. Rh5 Kc7
86. Kc2 Kc6 87. Rc5+ Kd6 88. Rd5+ Kc6 89. Rh5 Kc7 90. Kb2 Kc6 91. b5+ axb5
92. cxb5+ Kc7 93. Rh7+ Kc8 94. Rh8+ Kc7 95. Rh7+ Kc8 96. b6 Rf5 97. Rc7+
Kb8 98. Rf7 Kc8 99. Rc7+ Kb8 100. Rf7 1/2-1/2

[Event "King's Gambit A"]
[Site "Lipetsk RUS"]
[Date "2009.06.29"]
[Round "7"]
[White "Gladyszev,O"]
[Black "Kasparov,S"]
[Result "1/2-1/2"]
[WhiteElo "2434"]
[BlackElo "2476"]
[EventDate "2009.06.23"]

1. d4 d5 2. c4 c6 3. Nf3 Nf6 4. Nc3 a6 5. a4 e6 6. g3 dxc4 7. Ne5 c5 8.
dxc5 Qxd1+ 9. Nxd1 Bxc5 10. Bg2 O-O 1/2-1/2

[Event "King's Gambit A"]
[Site "Lipetsk RUS"]
[Date "2009.06.29"]
[Round "7"]
[White "Vysochin,S"]
[Black "Zontakh,A"]
[Result "1/2-1/2"]
[WhiteElo "2543"]
[BlackElo "2581"]
[EventDate "2009.06.23"]

1. e4 e5 2. Nf3 Nf6 3. Nxe5 d6 4. Nf3 Nxe4 5. d3 Nf6 6. d4 d5 7. Bd3 Bd6 8.
O-O O-O 9. Bg5 Bg4 10. Nbd2 Nbd7 11. c3 c6 12. Qc2 Qc7 1/2-1/2

[Event "King's Gambit A"]
[Site "Lipetsk RUS"]
[Date "2009.06.29"]
[Round "7"]
[White "Slugin,S"]
[Black "Ajrapetian,G"]
[Result "1-0"]
[WhiteElo "2439"]
[BlackElo "2366"]
[EventDate "2009.06.23"]

1. Nf3 Nf6 2. c4 g6 3. Nc3 Bg7 4. e4 d6 5. d4 O-O 6. Be2 Bg4 7. O-O Nfd7 8.
Be3 Nc6 9. d5 Bxf3 10. Bxf3 Na5 11. Be2 Bxc3 12. bxc3 e5 13. dxe6 fxe6 14.
f4 Qe7 15. Bd3 b6 16. Qe2 Rae8 17. Rae1 Qg7 18. Bd2 Nc5 19. Bc2 Qd7 20. Rf3
Re7 21. Rg3 Qc8 22. h4 Qa6 23. h5 Qxc4 24. hxg6 Qxe2 25. gxh7+ Kh8 26. Rxe2
Rxh7 27. e5 Rh4 28. exd6 cxd6 29. Be3 Rhxf4 30. Bxf4 Rxf4 31. Rg6 Rf7 32.
Re3 Rg7 33. Rf6 Nc4 34. Rh3+ Kg8 35. Rhf3 Nd7 36. Rxe6 Rf7 37. Re8+ Kg7 38.
Rg3+ 1-0

[Event "King's Gambit A"]
[Site "Lipetsk RUS"]
[Date "2009.06.29"]
[Round "7"]
[White "Derbenev,A"]
[Black "Gavrilov,Al1"]
[Result "1-0"]
[WhiteElo "2408"]
[BlackElo "2470"]
[EventDate "2009.06.23"]

1. d4 e6 2. c4 Bb4+ 3. Bd2 a5 4. g3 d6 5. Bg2 e5 6. dxe5 dxe5 7. Qb3 Bxd2+
8. Nxd2 Nd7 9. O-O-O Qe7 10. Ngf3 Ngf6 11. h3 O-O 12. Nf1 a4 13. Qc2 Nc5
14. Ne3 a3 15. b3 Na6 16. Ng5 e4 17. Nxe4 Nb4 18. Nxf6+ Qxf6 19. Nd5 Nxd5
20. Bxd5 Qxf2 21. Rhf1 Qe3+ 22. Qd2 Qxd2+ 23. Kxd2 Bxh3 24. Rh1 Bc8 25. Kc3
c6 26. Be4 h6 27. Kb4 Re8 28. Bf3 Kf8 29. Rh5 f5 30. Rh4 Be6 31. e4 Kg8 32.
Rd6 Rad8 33. e5 Ra8 34. Kc5 Ra5+ 35. Kb6 Rxe5 36. Kxb7 c5 37. Rh2 Re3 38.
Bd5 Bxd5+ 39. Rxd5 Re2 40. Rxe2 Rxe2 41. Rxc5 Rxa2 42. Ra5 Kf7 43. c5 Ke6
44. c6 Kd6 45. c7 Rc2 46. c8=Q Rxc8 47. Kxc8 1-0